Upevňovanie a stupňovanie konkurenčnej výhody vo vybranom podniku diplomová práca

Salvato in:
Dettagli Bibliografici
Autore principale: Binderová, Adela
Ente Autore: Fakulta podnikového manažmentu EU. Katedra manažmentu
Altri autori: Hudáková, Ivana, 1976-
Natura: Libro
Lingua:slovacco
Pubblicazione: Bratislava 2013
Tags: Aggiungi Tag
Nessun Tag, puoi essere il primo ad aggiungerne!!

MARC

LEADER 00000nbm a2200000 4500
001 0170813
005 20161109102412.1
041 0 |a slo 
044 |a SK 
245 1 0 |a Upevňovanie a stupňovanie konkurenčnej výhody vo vybranom podniku  |b diplomová práca  |c Adela Binderová ; školiteľ: Ivana Mišúnová Hudáková 
264 1 |a Bratislava  |c 2013 
300 |a 81 s. 
100 1 |a Binderová, Adela 
700 1 |a Hudáková, Ivana, 1976- 
710 2 |a Fakulta podnikového manažmentu EU. Katedra manažmentu